| 000 | 00421nam a2200181Ia 4500 | ||
|---|---|---|---|
| 001 | 9861 | ||
| 005 | 20260306161749.0 | ||
| 008 | 260306t2013||||xx |||||||||||||| ||spa|| | ||
| 041 | _aESP | ||
| 082 |
_a801.95 _bT78 |
||
| 100 |
_aTrazegnies, Fernando de _eAUT |
||
| 245 | 0 | _aJulio Verne en el Perú | |
| 260 | _c2013 | ||
| 300 |
_a79 páginas : _c24 cm. |
||
| 650 | _aGEN | ||
| 654 | _aCHU | ||
| 942 |
_cLIB _dJUS _fJUS _2ddc _n |
||
| 999 |
_c9861 _d9861 |
||